C++ programming fundamentals / Dheeraj Malhotra, PhD, Neha Malhotra, PhD. (Record no. 22240)

000 -LEADER
fixed length control field 00591nam a2200157 4500
020 ## - INTERNATIONAL STANDARD BOOK NUMBER
ISBN 9781683929765
082 ## - DEWEY DECIMAL CLASSIFICATION NUMBER
Classification number 005.133
Item number M249 2023
100 ## - MAIN ENTRY--AUTHOR NAME
Personal name Malhotra, Dheeraj, PhD, author.
245 ## - TITLE STATEMENT
Title C++ programming fundamentals / Dheeraj Malhotra, PhD, Neha Malhotra, PhD.
260 ## - PUBLICATION, DISTRIBUTION, ETC. (IMPRINT)
Place of publication Dulles, Virginia :
Name of publisher David Pallai Mercury Learning and Information,
Year of publication c2023.
300 ## - PHYSICAL DESCRIPTION
Number of Pages xii, 272 pages :
Other physical details illustrations.
500 ## - GENERAL NOTE
General note Includes bibliographical reference and indexes.
650 ## - SUBJECT ADDED ENTRY--TOPICAL TERM
Topical Term C++ (Computer program language)—Textbooks.
700 ## - ADDED ENTRY--PERSONAL NAME
Personal name Malhotra, Neha, PhD, author.
942 ## - ADDED ENTRY ELEMENTS (KOHA)
Koha item type Electronic Books
Holdings
Source of acquisition Permanent Location Date acquired Collection code Koha item type Lost status Shelving location Withdrawn status Current Location Full call number
DonationCagayan State University - Carig Library2026-04-15E-BooksElectronic Books E-Resource Section Cagayan State University - Carig Library005.133 M249 2023

Cagayan State University University Library, Carig Campus
Tuguegarao City, Cagayan 3500 | www.csucarig.edu.ph

Powered by Koha